Vista normal
Vista MARC
Entrada Personal Name
Número de registros utilizados en: 4
001 - CONTROL NUMBER
- control field: 5264
003 - CONTROL NUMBER IDENTIFIER
- control field: DLC
005 - DATE AND TIME OF LATEST TRANSACTION
- control field: 20211129121136.0
008 - FIXED-LENGTH DATA ELEMENTS
- fixed length control field: 170811 a|ac|n|aab||||||||||||a |n|||||||
010 ## - LIBRARY OF CONGRESS CONTROL NUMBER
- LC control number: 84030447
035 ## - SYSTEM CONTROL NUMBER
- System control number: (OCoLC)oca01140085
040 ## - CATALOGING SOURCE
- Original cataloging agency: DLC
- Language of cataloging: spa
- Description conventions: rda
- Transcribing agency: Mx-PuUPA
- Modifying agency: DLC
- Modifying agency: OCoLC
- Modifying agency: Mx-PuUPA
100 1# - HEADING--PERSONAL NAME
- Personal name: Kanoussi, Dora,
370 ## - ASSOCIATED PLACE
- Place of birth: Grecia
- Uniform Resource Identifier: https://goo.gl/23xGqb
374 ## - OCCUPATION
- Occupation: antropóloga
- Occupation: investigadora
- Uniform Resource Identifier: https://goo.gl/23xGqb
375 ## - GENDER
- Gender: mujer
- Gender: autora
377 ## - ASSOCIATED LANGUAGE
- Language code: spa
- Source of code: MARC code list for languages
670 ## - SOURCE DATA FOUND
- Source citation: Notas sobre el Maquiavelismo contemporáneo, 2012:
- Information found: t.p. 183 (Dora Kanoussi)
670 ## - SOURCE DATA FOUND
- Source citation: Basaglia Ongaro, F. Mujer, locura y sociedad, 1983: |b t.p. (Dora Kanoussi)
670 ## - SOURCE DATA FOUND
- Source citation: Biblioteca del Congreso (Estados Unidos), 11 agosto 2017:
- Information found: catálogo electrónico
- Uniform Resource Identifier: https://goo.gl/dvUsuU